000 00935nam a22002417a 4500
001 81276
003 BD-RjUL
005 20230304163558.0
008 230304s2021 bg a|||| m||| 00| 0 eng d
035 _a(BD-RjUL)81276
040 _aBD-RjUL
_beng
_cBD-RjUL
_dBD-RjUL
041 _aeng
082 _223
_a155.9355492
_bJOS 2021
100 _aJoarder, Tarun Kumar
_97121
245 1 0 _aStress, coping and hope of the inhabitants of disaster prone areas In Bangladesh /
_cSubmitted By Tarun, Kumar Joarder, ;
_6Supervisor : Md. Mozibul Huq Azad, Khan
260 _aRajshahi :
_bDepartment of Psychology, University of Rajshahi,
_c2021
300 _ax, 160 leaves :
_bill, ;
_c29.cm.
502 _aThesis (Ph. D.) -- Department of Psychology, University of Rajshahi, 2021
504 _aReferences : Leaves 107- 130
650 _aDisasters
_zBangladesh
_97122
700 _aKhan, Md. Mozibul Huq Azad, Supervisor
_96478
942 _2ddc
_cTHE
999 _c81276
_d81276